Cliquez sur la bonne traduction en espagnol - Les animaux - Statistiques

Statistiques générales
  • Ce quiz a été pris 856 fois
  • Le résultat moyen est 17 sur 29
Statistiques - réponses
Hint Réponse % Correct
Chat Gato
92%
Rhinocéros Rinoceronte
92%
Pingouin Pingüino
91%
Araignée Araña
87%
Lion León
87%
Chien Perro
82%
Vache Vaca
80%
Poisson Pez
78%
Ours Oso
76%
Loup Lobo
75%
Pieuvre Pulpo
71%
Mouche Mosca
67%
Papillon Mariposa
62%
Chèvre Cabra
59%
Crevette Gamba
57%
Poule Gallina
51%
Oiseau Pájaro
51%
Cochon Cerdo
47%
Singe Mono
45%
Fourmi Hormiga
42%
Lapin Conejo
41%
Renard Zorro
40%
Escargot Caracol
36%
Grenouille Rana
32%
Mouton Oveja
31%
Pigeon Paloma
30%
Ecureuil Ardilla
24%
Dinde Pavo
20%
Perroquet Loro
12%
Aucun quiz correspondant
Distribution des résultats
% des personnes avec chaque résultat
Percentile par nombre de réponses
Votre historique - résultats
Vous n’avez pas pris ce quiz